000 00837nam a22002177a 4500
999 _c7285
_d7285
003 AR-CdUCM
008 190320b ||||| |||| 00| 0 spa d
020 _a84-267-0202-3
040 _aMUNICIPALIDAD PROVINCIAL DEL CUSCO
_cBIBLIOTECA MUNICIPAL DEL CUSCO
041 _heng.
082 _a621.381 /
_bM87
100 _aMorris, Noel Malcolm
_920538
245 _aElectrónica industrial avanzada /
260 _aBarcelona :
_bMarcombo,
_c1980.
300 _a412 paginas ;
_bDiagramas,
_c21 cm.
505 _aContenido Dispositivos activos --Amplificadores --Amplificadores con realimentación --Osciladores senoidales y filtros activos --Conformación de impulsos y circuito de conmutación ...
650 _aElectrónica industrial
_920539
700 _aMiguel Boleda Vila (traductor)
_920540
942 _2ddc
_cLIBROS
945 _arjall